Silviculture : Concepts and applications

Bibliographic Details
Main Author: Nyland, Ralph D.
Format: Book
Published: New York : McGraw-Hill , 1996
Series:McGraw-Hill series in forest resources
Subjects:

MARC

LEADER 00000cam a2200000 7i4500
001 0000000473
005 20000822.0
020 0 0 |a 0070569991 
090 0 0 |a 634.9   |b NYL 1996 
100 1 0 |a Nyland, Ralph D. 
245 1 0 |a Silviculture :   |b Concepts and applications   |c Ralph D. Nyland 
260 0 0 |a New York :   |b McGraw-Hill ,   |c 1996 
300 |a xxii, 633 p. :   |b ill. ;   |c 25 cm. 
440 0 0 |a McGraw-Hill series in forest resources 
500 0 0 |a Bibliography: [p. 550-609] and index 
650 0 0 |a Forests and forestry 
999 |a 0000001616   |b Monograph   |c Open Shelf   |e Default branch